Länder mit den meisten Starbucks Coffeeshops - Statistiken

Allgemein
  • Dieses Quiz wurde 495 mal gespielt
  • Das Durchschnittsergebnis liegt bei 7 aus 10
Antwortstatistiken
Anzahl Land % Korrekt
15.873 Vereinigte Staaten
100%
1.417 Kanada
91%
6.019 China
90%
1.156 Vereinigtes Königreich
84%
1.630 Japan
83%
1.750 Südkorea
64%
523 Indonesien
48%
446 Thailand
38%
604 Türkei
30%
544 Taiwan
23%
Keine übereinstimmenden Quizze gefunden
Verteilung der Resultate
Anzahl Personen mit jedem Resultat
Perzentil nach korrekt beantworteten Fragen
Ihre Resultats-Entwicklung
Sie haben dieses Quiz noch nicht gespielt